| 000 | 00688nam a2200193 a 4500 | ||
|---|---|---|---|
| 008 | 120416s1985 ||||||||||||||||| || u | ||
| 020 | _a0070721319 | ||
| 050 | _aPN 1992.75 Wur | ||
| 100 | _aWurtzel, Alan | ||
| 245 | 1 | 0 | _aTelevision production |
| 250 | _a2nd ed. | ||
| 260 |
_aNew York: _bMcGraw-Hill _c1985 |
||
| 300 | _axxii, 632p.: ill. | ||
| 350 | _a0.00 | ||
| 500 | _aIncludes index. -Bibliography: p. 619-622. | ||
| 650 | _aTELEVISION-- EQUIPMENT AND SUPPLIES | ||
| 650 | _aTELEVISION--PRODUCTION AND DIRECTION | ||
| 995 |
_D0.00 _FCBU-MAIN LIBRARY (Kitwe) _H1 _I26.95 _M1 _UAVAILABLE _ZAnnex Low-Usage Collection |
||
| 999 |
_c59625 _d59625 |
||